Human Physiology for B.D.S. (Record no. 26873)

MARC details
000 -LEADER
fixed length control field 00330nam a22001457a 4500
003 - CONTROL NUMBER IDENTIFIER
control field SGT
020 ## - INTERNATIONAL STANDARD BOOK NUMBER
International Standard Book Number 9789394102538
082 ## - DEWEY DECIMAL CLASSIFICATION NUMBER
Classification number 612
Item number H24J
100 ## - MAIN ENTRY--PERSONAL NAME
Personal name Jain, A. K.
245 ## - TITLE STATEMENT
Title Human Physiology for B.D.S.
260 ## - PUBLICATION, DISTRIBUTION, ETC. (IMPRINT)
Place of publication, distribution, etc New Delhi, India
Name of publisher, distributor, etc Arya Pub. Co.
Year of Publication 2024
300 ## - PAGE DESCRIPTION
No. of Pages 590
650 ## - SUBJECT ADDED ENTRY--TOPICAL TERM
Topical term or geographic name as entry element Physiology
942 ## - ADDED ENTRY ELEMENTS (KOHA)
Source of classification or shelving scheme Dewey Decimal Classification
Koha item type Books
942 ## - ADDED ENTRY ELEMENTS (KOHA)
-- 159
Holdings
Withdrawn status Lost status Source of classification or shelving scheme Damaged status Not for loan Home library Current library Shelving location Date acquired Vendor Name Cost, normal purchase price SGTU Bill Number Total Checkouts Full call number Accession No. (Barcode) Date last seen Date last borrowed Bill Date Koha item type Checked out
    Dewey Decimal Classification     SGT Dental Library SGT Dental Library Text Book 06/09/2024 Ahuja Book Co. Pvt. Ltd. 1250.00 SGTU 19385 26 612 H24J FD9551 14/01/2026 25/12/2025   Books  
    Dewey Decimal Classification     SGT Dental Library SGT Dental Library Text Book 06/09/2024 Ahuja Book Co. Pvt. Ltd. 1250.00 SGTU 19385 35 612 H24J FD9552 25/05/2026 25/05/2026   Books 08/06/2026
    Dewey Decimal Classification     SGT Dental Library SGT Dental Library Text Book 06/09/2024 Ahuja Book Co. Pvt. Ltd. 1250.00 SGTU 19385 34 612 H24J FD9553 10/12/2025 27/11/2025   Books  
    Dewey Decimal Classification     SGT Dental Library SGT Dental Library Text Book 06/09/2024 Ahuja Book Co. Pvt. Ltd. 1250.00 SGTU 19385 26 612 H24J FD9554 08/12/2025 07/11/2025   Books  
    Dewey Decimal Classification     SGT Dental Library SGT Dental Library Text Book 06/09/2024 Ahuja Book Co. Pvt. Ltd. 1250.00 SGTU 19385 45 612 H24J FD9555 01/06/2026 18/05/2026   Books  
    Dewey Decimal Classification     SGT Dental Library SGT Dental Library Text Book 06/09/2024 Ahuja Book Co. Pvt. Ltd. 1250.00 SGTU 19385 44 612 H24J FD9556 01/06/2026 01/06/2026   Books  
    Dewey Decimal Classification     SGT Dental Library SGT Dental Library Text Book 06/09/2024 Ahuja Book Co. Pvt. Ltd. 1250.00 SGTU 19385 35 612 H24J FD9557 02/04/2026 02/04/2026   Books  
    Dewey Decimal Classification     SGT Dental Library SGT Dental Library Text Book 06/09/2024 Ahuja Book Co. Pvt. Ltd. 1250.00 SGTU 19385 35 612 H24J FD9558 04/12/2025 24/11/2025   Books  
    Dewey Decimal Classification     SGT Dental Library SGT Dental Library Text Book 06/09/2024 Ahuja Book Co. Pvt. Ltd. 1250.00 SGTU 19385 34 612 H24J FD9559 06/05/2026 06/05/2026   Books  
    Dewey Decimal Classification     SGT Dental Library SGT Dental Library Text Book 06/09/2024 Ahuja Book Co. Pvt. Ltd. 1250.00 SGTU 19385 37 612 H24J FD9560 25/05/2026 25/05/2026   Books 08/06/2026